000 00379nam a2200133Ia 4500
008 100328s9999 xx 000 0 und d
082 _b64116
100 _aपोरे सुरेश.
245 _aअग्निपुष्प.
260 _bयोगिता.
630 _aअग्निपुष्प.
730 _aअग्निपुष्प.
942 _cBOOK
999 _c549932
_d549929